[Event "Karpos Open 2017"]
[Site "masterchessopen.com Skopje MKD"]
[Date "2017.04.02"]
[Round "2.23"]
[White "Petrov,Martin"]
[Black "Exizoglou,D"]
[Result "1-0"]
[WhiteElo "2438"]
[BlackElo "2132"]

1.e4 e5 2.Nf3 Nc6 3.Bc4 Bc5 4.c3 Nf6 5.d4 exd4 6.e5 d5 7.Bb5 Ne4 8.cxd4 Bb6
9.Nc3 O-O 10.Be3 Bg4 11.h3 Bh5 12.O-O f6 13.exf6 Nxc3 14.bxc3 Qxf6 15.Be2 Qd6
16.Qd2 Bxf3 17.Bxf3 Na5 18.Qd3 c6 19.Bd1 Bc7 20.g3 Qd7 21.Kg2 Nc4 22.Bc2 Nxe3+
23.Qxe3 Rae8 24.Qd3 g6 25.Rae1 Kg7 26.h4 Qf7 27.Rxe8 Rxe8 28.h5 Re6 29.Rh1 Qf8
30.hxg6 hxg6 31.Qd2 Kg8 32.Rh6 Qg7 33.Qg5 Kf7 34.Qh4 Kg8 35.Qh3 Rf6 36.Bxg6
{#r} 1-0

[Event "Karpos Open 2017"]
[Site "masterchessopen.com Skopje MKD"]
[Date "2017.04.02"]
[Round "2.24"]
[White "Yazici,Ugur Doga"]
[Black "Drazic,S"]
[Result "0-1"]
[WhiteElo "2126"]
[BlackElo "2431"]

1.e4 Nc6 2.Nf3 d6 3.d4 Nf6 4.Nbd2 g6 5.Be2 Bg7 6.O-O O-O 7.c3 a6 8.Re1 b6 9.d5
Nb8 10.Nd4 Bb7 11.Bf1 c5 12.dxc6 Nxc6 13.Nxc6 Bxc6 14.Qc2 Qc7 15.g3 b5 16.Bg2
Nd7 17.Nb3 Nb6 18.Na5 Rac8 19.Nxc6 Qxc6 20.Qe2 Qc7 21.Be3 Nc4 22.Bd4 Qb8
23.Bxg7 Kxg7 24.Rad1 Rc5 25.Bh3 Qb6 26.Rd5 h5 27.Red1 h4 28.Rxc5 Qxc5 29.Rd5
Qc7 30.a4 hxg3 31.axb5 gxh2+ 32.Kxh2 e6 33.Rg5 axb5 34.Rxb5 d5+ 35.Kg2 Nd6
36.Rb4 Nxe4 37.Qe3 Rh8 38.Qd4+ Nf6 39.f4 Rh4 40.Qe5 Qxe5 41.fxe5 Ne4 42.Rd4 g5
43.c4 g4 44.cxd5 gxh3+ 45.Kh2 exd5 46.b4 Rh8 47.Rxd5 Rb8 48.b5 Ng5 49.Kg3 Ne6
50.Kh2 Kg6 {#R} 0-1

[Event "Karpos Open 2017"]
[Site "masterchessopen.com Skopje MKD"]
[Date "2017.04.02"]
[Round "3.1"]
[White "Berzinsh,R"]
[Black "Artemiev,V"]
[Result "0-1"]
[WhiteElo "2428"]
[BlackElo "2677"]

1.d4 Nf6 2.Bf4 d5 3.e3 Bg4 4.Nf3 Nbd7 5.h3 Bxf3 6.Qxf3 e6 7.Nd2 Bd6 8.Bxd6
cxd6 9.Bb5 O-O 10.O-O a6 11.Bxd7 Qxd7 12.c4 Rac8 13.Rfc1 Rc6 14.cxd5 Nxd5
15.e4 Ne7 16.Nb3 Rfc8 17.Rxc6 Rxc6 18.d5 exd5 19.exd5 Rc2 20.Nd4 Rc4 21.Rd1 h6
22.Qb3 Rc5 23.Nc2 Rb5 24.Qa4 Qd8 25.Ne3 Rxb2 26.Rc1 Rb5 27.Qd4 b6 28.Qd3 Ra5
29.Rc2 Qd7 30.Qc4 Qb7 31.a4 Rc5 32.Qb3 Nxd5 33.Nf5 Nf4 {#R} 0-1

[Event "Karpos Open 2017"]
[Site "masterchessopen.com Skopje MKD"]
[Date "2017.04.02"]
[Round "3.4"]
[White "Bogdanovski,V"]
[Black "Demchenko,A"]
[Result "1-0"]
[WhiteElo "2388"]
[BlackElo "2628"]

1.d4 Nf6 2.Bg5 g6 3.Nc3 d5 4.e3 Bg7 5.Nf3 O-O 6.Be2 b6 7.O-O Bb7 8.Ne5 c5 9.f4
e6 10.Qe1 h6 11.Bh4 cxd4 12.exd4 Nc6 13.Rd1 Ne7 14.g4 Ne4 15.Bd3 f6 16.Nf3
Nxc3 17.Qxc3 Qd7 18.Qe1 Rae8 19.Rd2 e5 20.fxe5 fxe5 21.Nxe5 Bxe5 22.Rxf8+ Rxf8
23.Qxe5 Nc6 24.Qe3 g5 25.Bf5 Qg7 26.Bg3 Ne7 27.Be6+ Kh7 28.Bd6 Qf6 29.Rd1 Re8
30.Rf1 Qxf1+ 31.Kxf1 Ng6 32.c4 dxc4 33.Qa3 Rxe6 34.Qxa7 Rf6+ 35.Ke1 Rf7
36.Qxb6 Be4 37.Be5 Nh4 38.Qd8 Ng6 39.Kd2 Bc6 40.Kc3 Bd7 41.h3 Rf3+ 42.Kb4 Be6
43.d5 Bf7 44.Bc3 Nf4 45.Qh8+ {#r} 1-0

[Event "Karpos Open 2017"]
[Site "masterchessopen.com Skopje MKD"]
[Date "2017.04.02"]
[Round "3.6"]
[White "Rogac,S"]
[Black "Korneev,O"]
[Result "0-1"]
[WhiteElo "2359"]
[BlackElo "2594"]

1.d4 Nf6 2.Bf4 d5 3.e3 c5 4.c3 Nc6 5.Nd2 Bf5 6.Ngf3 e6 7.Qa4 Nd7 8.Bb5 Qc8
9.Ne5 Ncxe5 10.Bxe5 a6 11.Bxd7+ Qxd7 12.Qxd7+ Kxd7 13.dxc5 f6 14.Bd6 Bxd6
15.cxd6 Kxd6 16.Ke2 Rhc8 17.Rhd1 Ke7 18.Rac1 Rc7 19.f3 e5 20.a3 Bd7 21.e4 Ba4
22.b3 Bb5+ 23.c4 dxc4 24.a4 Bc6 25.Nxc4 Bxa4 26.Nb6 Bb5+ 27.Ke1 Rxc1 28.Rxc1
Rg8 29.b4 Bc6 30.Nc4 Rd8 31.Na5 Rd6 32.Rd1 Rxd1+ 33.Kxd1 Kd6 34.Kc2 Kc7 35.Nc4
Bd7 36.Kc3 Be6 37.Nb2 Kc6 38.Nd3 b6 39.f4 exf4 40.Nxf4 Bf7 41.Nd3 Bg6 42.Kd4
a5 43.bxa5 bxa5 44.Nc5 Kb5 45.Ne6 Kb4 {#R} 0-1

[Event "Karpos Open 2017"]
[Site "masterchessopen.com Skopje MKD"]
[Date "2017.04.02"]
[Round "3.7"]
[White "Ter Sahakyan,S"]
[Black "Rzayev,B"]
[Result "1-0"]
[WhiteElo "2581"]
[BlackElo "2391"]

1.e4 e5 2.Nf3 Nc6 3.Bb5 a6 4.Ba4 Nf6 5.O-O b5 6.Bb3 Bb7 7.d3 Bc5 8.Nc3 d6 9.a4
b4 10.Ne2 h6 11.Ng3 O-O 12.c3 bxc3 13.bxc3 Rb8 14.Re1 Re8 15.h3 Ba7 16.a5 Bc8
17.Bc4 Ne7 18.d4 exd4 19.cxd4 d5 20.exd5 Nexd5 21.Ne5 Re6 22.Nf5 Rb4 23.Qd3
Nh5 24.Bd2 Ndf4 25.Bxf4 Nxf4 26.Qg3 Nh5 27.Qc3 Qf8 28.Bxe6 Bxe6 29.Nc6 Rc4
30.Nfe7+ Kh8 31.Qf3 Bxd4 32.Ng6+ {#r} 1-0

[Event "Karpos Open 2017"]
[Site "masterchessopen.com Skopje MKD"]
[Date "2017.04.02"]
[Round "3.8"]
[White "Tuncer,Tuna"]
[Black "Kovchan,A"]
[Result "0-1"]
[WhiteElo "2325"]
[BlackElo "2577"]

1.Nf3 c5 2.e4 d6 3.d4 cxd4 4.Nxd4 Nf6 5.Nc3 a6 6.h3 e5 7.Nde2 h5 8.Nd5 Nxd5
9.Qxd5 Be7 10.Nc3 Nc6 11.Qd1 Be6 12.Nd5 Rc8 13.c3 Bg5 14.Be2 Bxc1 15.Rxc1 Qg5
16.Ne3 Rd8 17.h4 Qf4 18.Qc2 Ne7 19.Bf3 Ng6 20.Nf5 Bxf5 21.exf5 Nxh4 22.Bxb7 d5
23.Bc6+ Ke7 24.g3 Nf3+ 25.Kf1 Qg4 26.Qa4 e4 27.Qb4+ Kf6 28.Qb7 Qxf5 29.Rd1 Ne5
30.Rxd5 e3 31.f4 Qb1+ 32.Kg2 {#R} 0-1

[Event "Karpos Open 2017"]
[Site "masterchessopen.com Skopje MKD"]
[Date "2017.04.02"]
[Round "3.11"]
[White "Blagojevic,Dr"]
[Black "Nikolovski,Nikola"]
[Result "1-0"]
[WhiteElo "2462"]
[BlackElo "2353"]

1.d4 Nf6 2.c4 c5 3.d5 e6 4.Nc3 exd5 5.cxd5 d6 6.Nf3 g6 7.Qa4+ Nbd7 8.Bf4 Qb6
9.e4 Nh5 10.Bc1 Bg7 11.Be2 O-O 12.O-O a6 13.Qc2 Qd8 14.Bg5 Bf6 15.Be3 Re8
16.Nd2 Bd4 17.Bxh5 Bxe3 18.fxe3 gxh5 19.Nc4 Ne5 20.Nxe5 Rxe5 21.Rf4 b5 22.Raf1
Ra7 23.Nb1 Rg5 24.Kh1 Re7 25.Qf2 Qe8 26.Rf6 Rg6 27.Nd2 c4 28.h3 Rc7 29.Rxd6 b4
30.e5 c3 31.bxc3 bxc3 32.Ne4 Qxe5 33.Rxg6+ hxg6 34.d6 Bf5 35.dxc7 Qxc7 36.Ng3
Bd3 37.Rc1 Qc4 38.e4 h4 39.Nf1 Bxe4 40.Qe1 {#r} 1-0

[Event "Karpos Open 2017"]
[Site "masterchessopen.com Skopje MKD"]
[Date "2017.04.02"]
[Round "3.13"]
[White "Anurag,M"]
[Black "Bjerre,Jonas"]
[Result "1-0"]
[WhiteElo "2454"]
[BlackElo "2342"]

1.c4 c5 2.g3 Nf6 3.Bg2 g6 4.Nc3 Bg7 5.e3 O-O 6.Nge2 Nc6 7.O-O d6 8.d4 cxd4
9.exd4 Bf5 10.h3 h5 11.Bg5 Nh7 12.Be3 Qc8 13.Kh2 Nb4 14.Qb3 Nc6 15.Rac1 Qd7
16.Rfd1 Rac8 17.Qa3 Nf6 18.b4 b6 19.c5 d5 20.Nf4 e6 21.Nfe2 bxc5 22.dxc5 a6
23.Nd4 Ne8 24.Nxf5 gxf5 25.Na4 Qb7 26.Nb6 Rd8 27.Bg5 Rb8 28.Rb1 Nc7 29.Qf3 Nb5
30.Rdc1 Ne5 31.Qxh5 Nd3 32.a4 Nd6 33.Rd1 Nxf2 34.Rxd5 Nde4 35.Rd2 Qc7 36.Bf4
Be5 37.Rxf2 Nxf2 38.Qg5+ Kh8 39.Qh6+ Kg8 40.Bxe5 Qxe5 41.Nd7 Qg7 42.Nf6+ {#r}
1-0

[Event "Karpos Open 2017"]
[Site "masterchessopen.com Skopje MKD"]
[Date "2017.04.02"]
[Round "3.14"]
[White "Paszewski,M"]
[Black "Sadikhov,U"]
[Result "1-0"]
[WhiteElo "2309"]
[BlackElo "2453"]

1.e4 c5 2.Nf3 Nc6 3.Bb5 d6 4.O-O Bd7 5.Re1 Nf6 6.c3 a6 7.Bc4 Bg4 8.d4 e6 9.d5
Bxf3 10.gxf3 Ne5 11.Bf1 g5 12.Bxg5 Rg8 13.f4 h6 14.Bg2 Ng6 15.f5 hxg5 16.fxg6
Rxg6 17.dxe6 fxe6 18.e5 dxe5 19.Qb3 Nd7 20.Nd2 Rb8 21.Rad1 b5 22.Bc6 Rb6
23.Bxd7+ Qxd7 24.Nc4 Qc7 25.Nxb6 Qxb6 26.Rxe5 c4 27.Qc2 Rf6 28.Re2 Bc5 29.Rdd2
Qb7 30.Re4 Qf7 31.Rde2 Bd6 32.Qd2 Bc5 33.Qd5 Bxf2+ 34.Kg2 {#r} 1-0

[Event "Karpos Open 2017"]
[Site "masterchessopen.com Skopje MKD"]
[Date "2017.04.02"]
[Round "3.16"]
[White "Nasuta,G"]
[Black "Lazov,Toni"]
[Result "1-0"]
[WhiteElo "2447"]
[BlackElo "2310"]

1.e4 c5 2.Nf3 d6 3.d4 Nf6 4.Nc3 cxd4 5.Nxd4 a6 6.Be3 e5 7.Nb3 Be6 8.f3 Be7
9.Qd2 Nbd7 10.O-O-O b5 11.g4 h6 12.Kb1 Nb6 13.Qf2 Nfd7 14.Nd5 Bxd5 15.exd5 Nc4
16.f4 O-O 17.Bd3 Bh4 18.Qf3 Re8 19.Bc1 a5 20.g5 a4 21.Nd2 hxg5 22.fxg5 Bxg5
23.Rdf1 Nxd2+ 24.Bxd2 Bxd2 25.Qxf7+ Kh8 26.Rhg1 Re7 27.Qg6 e4 28.Bxe4 Qg8
29.Rg4 Bh6 30.Rh4 Rae8 31.Rg1 Rxe4 32.Rxe4 Rxe4 33.Qxe4 Nf6 34.Qd3 Qxd5
35.Qxd5 Nxd5 36.Rd1 Nc7 37.Rxd6 Bf4 38.Rd4 g5 39.h4 Be5 40.Re4 Bf6 41.hxg5
Bxg5 42.c4 b4 43.c5 a3 44.Rxb4 axb2 45.Rb7 Bf4 46.a4 Be5 47.a5 Na6 48.c6 Kg8
49.Ra7 Nc7 50.Rxc7 {#r} 1-0

[Event "Karpos Open 2017"]
[Site "masterchessopen.com Skopje MKD"]
[Date "2017.04.02"]
[Round "3.17"]
[White "Dinev,De"]
[Black "Erdogdu,M"]
[Result "0-1"]
[WhiteElo "2290"]
[BlackElo "2446"]

1.e4 c5 2.Nc3 d6 3.f4 Nc6 4.Nf3 g6 5.Bb5 Bd7 6.O-O Bg7 7.Kh1 a6 8.Be2 Nf6 9.d3
O-O 10.a4 Rb8 11.Qe1 b5 12.axb5 axb5 13.Qh4 e6 14.g4 b4 15.Na4 Ra8 16.f5 exf5
17.gxf5 Nxe4 18.Bg5 Nxg5 19.Nxg5 h6 20.fxg6 Qxg5 21.Qxg5 hxg5 22.gxf7+ Rxf7
23.Rxf7 Kxf7 24.Rf1+ Ke7 25.Nb6 Rf8 26.Nd5+ Kd8 27.Ra1 Ne7 28.Ra8+ Nc8 29.Ra6
Bb5 {#R} 0-1

[Event "Karpos Open 2017"]
[Site "masterchessopen.com Skopje MKD"]
[Date "2017.04.02"]
[Round "3.18"]
[White "Nguyen,P"]
[Black "Konstantinov,Alek2"]
[Result "1-0"]
[WhiteElo "2444"]
[BlackElo "2304"]

1.c4 c5 2.g3 g6 3.Bg2 Bg7 4.Nf3 Nc6 5.Nc3 e5 6.O-O Nge7 7.a3 a5 8.Ne1 d6 9.Nc2
Be6 10.Ne3 O-O 11.d3 Rb8 12.Ned5 Bd7 13.Ne4 Nxd5 14.cxd5 Nd4 15.e3 Nf5 16.b4
b6 17.bxa5 bxa5 18.a4 Bc8 19.Bd2 Ba6 20.Bc3 Ne7 21.Qd2 Nxd5 22.Bxa5 Qd7
23.Rfb1 Nf6 24.Bc3 Nxe4 25.dxe4 Rxb1+ 26.Rxb1 Qxa4 27.Qxd6 Qc2 28.Ra1 Qxc3
29.Qxa6 Rd8 30.Bf1 Qc2 31.Qb7 c4 32.Ra7 Rf8 33.Kg2 Bh6 34.Ra3 c3 35.Bc4 Bxe3
36.Ra2 Qxa2 37.Bxa2 c2 38.Bxf7+ Rxf7 39.Qc8+ Kg7 40.fxe3 {#r} 1-0

[Event "Karpos Open 2017"]
[Site "masterchessopen.com Skopje MKD"]
[Date "2017.04.02"]
[Round "3.19"]
[White "Gjorshev,Ljupcho"]
[Black "Petrov,Martin"]
[Result "0-1"]
[WhiteElo "2080"]
[BlackElo "2438"]

1.e4 c5 2.Nf3 d6 3.d4 cxd4 4.Nxd4 Nf6 5.f3 e5 6.Nb5 a6 7.N5a3 d5 8.exd5 Qxd5
9.Qxd5 Nxd5 10.c3 Nc6 11.Bd3 Bc5 12.Nc2 O-O 13.Be4 Be6 14.Bxd5 Bxd5 15.Be3 Be7
16.Nd2 b5 17.O-O a5 18.Rfd1 Rfd8 19.b3 a4 20.b4 f5 21.Bb6 Rd7 22.Nf1 Be6
23.Nfe3 Rxd1+ 24.Rxd1 Rb8 25.Bc5 Kf7 26.Bxe7 Nxe7 27.Ra1 Rc8 28.Nd1 Nd5 29.Na3
Bd7 30.Nb1 f4 31.Kf2 Bf5 32.Na3 Bd3 33.Nb2 Rxc3 34.Nxd3 Rxd3 35.Nxb5 Rd2+
36.Kg1 Nxb4 37.Nc3 a3 38.h3 Ke6 39.Nb5 Nc2 40.Rc1 Ne3 41.Rc6+ Ke7 42.Rc7+ Kf6
43.Nc3 Rxg2+ 44.Kh1 Kg6 45.Re7 Rg3 {#R} 0-1

[Event "Karpos Open 2017"]
[Site "masterchessopen.com Skopje MKD"]
[Date "2017.04.02"]
[Round "3.21"]
[White "Aleksandrov,A"]
[Black "Arda,Cagil Irmak"]
[Result "1-0"]
[WhiteElo "2568"]
[BlackElo "2089"]

1.d4 Nf6 2.c4 e6 3.Nc3 Bb4 4.e3 O-O 5.Bd3 d5 6.cxd5 exd5 7.Ne2 Re8 8.Bd2 c6
9.O-O Bd6 10.Qc2 Nbd7 11.Rad1 Nb6 12.Bc1 Qe7 13.f3 c5 14.Nb5 c4 15.Nxd6 Qxd6
16.Bf5 g6 17.Bxc8 Raxc8 18.Nc3 Qc6 19.Rfe1 Nbd7 20.a4 a6 21.a5 b5 22.axb6 Qxb6
23.Qf2 Nf8 24.h3 Rcd8 25.e4 Ne6 26.Be3 Qb8 27.Qh4 Qxb2 28.Na4 Qb5 29.Qxf6 Qxa4
30.Bh6 Rd7 31.exd5 Rxd5 32.Rxe6 {#r} 1-0

[Event "Polar Capital Jersey Open"]
[Site "masterchessopen.com St Clement Bay JCI"]
[Date "2017.04.02"]
[Round "2.1"]
[White "Rudd,J"]
[Black "Hillarp Persson,T"]
[Result "1-0"]
[WhiteElo "2177"]
[BlackElo "2503"]

1.e4 c5 2.Nf3 d6 3.d4 cxd4 4.Nxd4 Nf6 5.Nc3 a6 6.Be3 e5 7.Nb3 Be6 8.f3 h5
9.Qd2 Nbd7 10.O-O-O Be7 11.Kb1 Qc7 12.g3 b5 13.f4 Nb6 14.fxe5 dxe5 15.Bxb6
Qxb6 16.Nd5 Bxd5 17.exd5 Rd8 18.Bg2 O-O 19.Na5 Bd6 20.Nc6 Rde8 21.Rhf1 Ng4
22.Rde1 f5 23.Qg5 e4 24.Qxh5 Ne3 25.Bh3 Nxf1 26.Rxf1 Qe3 27.Bxf5 Qh6 28.Qg4 e3
29.Nd4 g6 30.Re1 Qh5 31.Be6+ Kh8 32.Qe4 Rf2 33.Qxe3 Ref8 34.a3 Qxh2 35.Ka2 Kh7
36.Bg4 Qxg3 37.Rh1+ {#r} 1-0

[Event "Polar Capital Jersey Open"]
[Site "masterchessopen.com St Clement Bay JCI"]
[Date "2017.04.02"]
[Round "2.2"]
[White "Hebden,M"]
[Black "Klingher,Dominic"]
[Result "1-0"]
[WhiteElo "2494"]
[BlackElo "2116"]

1.d4 d6 2.e4 Nf6 3.Nc3 Nbd7 4.Nf3 e5 5.Bc4 Be7 6.a4 c6 7.O-O h6 8.Qe2 Qc7
9.Rd1 Nf8 10.a5 Ng6 11.h3 O-O 12.Be3 Nh5 13.Qd2 Ngf4 14.Ne2 g5 15.Ng3 Ng7
16.Qc3 Be6 17.dxe5 d5 18.Bxd5 Ngh5 19.Bc4 Nxg3 20.fxg3 Ng6 21.Bxe6 fxe6 22.Qc4
Kg7 23.Qxe6 Rf7 24.Bd4 c5 25.Bc3 Re8 26.Rd6 {#r} 1-0

[Event "Polar Capital Jersey Open"]
[Site "masterchessopen.com St Clement Bay JCI"]
[Date "2017.04.02"]
[Round "2.3"]
[White "Abbas,Daniel"]
[Black "Webster,Jim J"]
[Result "1-0"]
[WhiteElo "2285"]
[BlackElo "1807"]

1.e4 c5 2.Nf3 Nc6 3.Bb5 g6 4.Bxc6 bxc6 5.O-O Bg7 6.Re1 Nf6 7.e5 Nd5 8.c4 Nb6
9.d4 cxd4 10.Qxd4 O-O 11.Qh4 e6 12.Bg5 f6 13.exf6 Bxf6 14.Nbd2 Bxg5 15.Nxg5
Qe7 16.Qg3 Rf5 17.h4 Qf8 18.Rad1 Rf4 19.h5 Qf5 20.hxg6 h5 21.Nf7 Kg7 22.Re5
Qg4 23.Qc3 Rd4 24.f3 {#r} 1-0

[Event "Polar Capital Jersey Open"]
[Site "masterchessopen.com St Clement Bay JCI"]
[Date "2017.04.02"]
[Round "2.5"]
[White "Waddington,M"]
[Black "Merry,Alan B"]
[Result "0-1"]
[WhiteElo "2061"]
[BlackElo "2412"]

1.c4 g6 2.Nc3 Bg7 3.g3 d6 4.Bg2 Nf6 5.d3 O-O 6.Rb1 e5 7.b4 c6 8.Nf3 d5 9.Nd2
Be6 10.cxd5 cxd5 11.Nb3 Nbd7 12.O-O Rc8 13.Bb2 Qe7 14.a3 b6 15.Nd2 d4 16.Nce4
Nd5 17.Nc4 f5 18.Ned2 b5 19.Na5 Nc3 20.Qe1 Nxb1 21.Qxb1 Nb6 22.Ndb3 Na4 23.Bc1
Rc7 24.e3 dxe3 25.fxe3 Rfc8 26.d4 exd4 27.Nxd4 Bf7 28.Bd2 Bxd4 29.exd4 Rc2
30.Re1 Qd7 31.Be3 Rb2 32.Qd1 Rcc2 33.Bf3 f4 34.Bxf4 Qh3 {#R} 0-1

[Event "Polar Capital Jersey Open"]
[Site "masterchessopen.com St Clement Bay JCI"]
[Date "2017.04.02"]
[Round "2.6"]
[White "Speelman,J"]
[Black "Boxal,G"]
[Result "1-0"]
[WhiteElo "2511"]
[BlackElo "1993"]

1.d4 Nf6 2.Nf3 d5 3.c4 c6 4.e3 Bg4 5.Nc3 e6 6.h3 Bh5 7.g4 Bg6 8.Ne5 Bd6 9.h4
h5 10.Nxg6 fxg6 11.g5 Ne4 12.Nxe4 dxe4 13.Bg2 Qa5+ 14.Bd2 Qf5 15.Qc2 O-O
16.O-O Qg4 17.Qxe4 Qxe4 18.Bxe4 Kh7 19.c5 Bc7 20.f4 a5 21.Rfc1 Na6 22.a3 Rad8
23.b4 e5 24.fxe5 Bxe5 25.b5 Bxd4 26.exd4 Rxd4 27.Bg2 Rxd2 28.bxa6 Rff2 29.Be4
Rfe2 30.Re1 {#r} 1-0

[Event "Polar Capital Jersey Open"]
[Site "masterchessopen.com St Clement Bay JCI"]
[Date "2017.04.02"]
[Round "2.8"]
[White "Hickman,J"]
[Black "Belzo,K"]
[Result "0-1"]
[WhiteElo "1897"]
[BlackElo "2059"]

1.e4 c5 2.Nf3 Nc6 3.Bb5 g6 4.Bxc6 dxc6 5.d3 Bg7 6.h3 b6 7.Nc3 e5 8.Be3 Ne7
9.Qd2 h6 10.O-O Be6 11.a3 f5 12.g3 fxe4 13.Nxe4 Bxh3 14.Rfe1 O-O 15.Nh4 Kh7
16.b4 Nf5 17.Bg5 hxg5 18.Nxg5+ Kg8 19.Nxg6 Bh6 20.f4 Bxg5 21.fxg5 Nd4 22.Nxe5
Qd5 23.Qh2 Qxe5 24.Rxe5 Nf3+ 25.Kh1 Nxh2 26.Kxh2 Bg4 27.bxc5 Rf2+ 28.Kg1 Rxc2
29.cxb6 axb6 30.Re7 Bf3 31.g6 Bd5 32.g7 Rg2+ 33.Kf1 Rxg3 34.Rb7 b5 {#R} 0-1

[Event "Polar Capital Jersey Open"]
[Site "masterchessopen.com St Clement Bay JCI"]
[Date "2017.04.02"]
[Round "2.14"]
[White "Brookfield,T"]
[Black "Forbes,G"]
[Result "1-0"]
[WhiteElo "1903"]
[BlackElo "1898"]

1.f4 c5 2.Nf3 Nc6 3.e3 g6 4.Be2 Bg7 5.O-O e6 6.d3 Nge7 7.Nc3 O-O 8.e4 Nd4
9.Qd2 d6 10.Bd1 Nec6 11.Ne2 Nxf3+ 12.Rxf3 Nd4 13.Rf1 f5 14.Ng3 Kh8 15.c3 Nc6
16.Rb1 Qb6 17.Kh1 a5 18.Qf2 Qc7 19.Be3 b6 20.Bf3 Bb7 21.Rfd1 Ne7 22.d4 fxe4
23.Nxe4 Bxe4 24.Bxe4 d5 25.Bc2 c4 26.g4 Qd7 27.Qg2 Kg8 28.Rg1 Rf7 29.Rbf1 Raf8
30.Rf3 b5 31.Rgf1 Qc8 32.h4 Qd7 33.h5 gxh5 34.Rh3 Bf6 35.Rxh5 Bh8 36.Qh3 Nc6
37.Rg5+ Rg7 38.Qxh7+ Kf7 39.Rxg7+ Bxg7 40.Bg6+ {#r} 1-0

[Event "ch-GER Women 2017"]
[Site "masterchessopen.com Bad Wiessee GER"]
[Date "2017.04.02"]
[Round "3.2"]
[White "Straub,N"]
[Black "Schleining,Z"]
[Result "0-1"]
[WhiteElo "2188"]
[BlackElo "2346"]

1.d4 Nf6 2.c4 e6 3.g3 d5 4.Nf3 dxc4 5.Qa4+ Nbd7 6.Bg2 a6 7.Qxc4 b5 8.Qd3 Bb7
9.O-O c5 10.dxc5 Bxc5 11.Be3 O-O 12.Nbd2 Qb6 13.Bxc5 Nxc5 14.Qe3 Nd5 15.Qd4
Na4 16.Qxb6 Ndxb6 17.b3 Nc3 18.e3 Rfd8 19.Nb1 Ne2+ 20.Kh1 Rac8 21.Nfd2 Bd5
22.Bxd5 Nxd5 23.Re1 Nb4 24.Rxe2 Nc2 {#R} 0-1

[Event "ch-GER Women 2017"]
[Site "masterchessopen.com Bad Wiessee GER"]
[Date "2017.04.02"]
[Round "3.3"]
[White "Osmanodja,F"]
[Black "Ries,J"]
[Result "1-0"]
[WhiteElo "2368"]
[BlackElo "1983"]

1.e4 Nf6 2.e5 Nd5 3.d4 d6 4.Nf3 g6 5.Bc4 Nb6 6.Bb3 Bg7 7.Ng5 e6 8.Qf3 Qe7
9.Ne4 dxe5 10.Bg5 Qb4+ 11.c3 Qa5 12.Nf6+ Kf8 13.d5 exd5 14.Nxd5 Nxd5 15.Bxd5
f5 16.Bxb7 e4 17.Qd1 Kf7 18.Bxa8 Be6 19.O-O Be5 20.b4 Qb6 21.Bd5 Bxh2+ 22.Kxh2
Qd6+ 23.g3 Bxd5 24.Qd4 Re8 25.c4 Ba8 26.Qxd6 cxd6 27.Bf4 Nc6 28.Bxd6 Nd4
29.Nd2 e3 30.fxe3 Rxe3 31.Rae1 Rd3 32.Re7+ Kf6 33.Ne4+ Bxe4 34.Rxe4 Nf3+
35.Rxf3 Rxf3 36.Re2 g5 37.c5 {#r} 1-0

[Event "ch-GER Women 2017"]
[Site "masterchessopen.com Bad Wiessee GER"]
[Date "2017.04.02"]
[Round "3.5"]
[White "Schmidt,Jad"]
[Black "Kluge,He"]
[Result "0-1"]
[WhiteElo "2131"]
[BlackElo "1940"]

1.d4 d5 2.c4 c5 3.cxd5 Qxd5 4.Nf3 cxd4 5.Nc3 Qa5 6.Nxd4 Nf6 7.Nb3 Qc7 8.g3 e5
9.Bg2 Bb4 10.O-O O-O 11.Nb5 Qb6 12.a4 Nc6 13.Be3 Qd8 14.Qc2 a6 15.Rad1 Qe7
16.Nc3 Bd7 17.Bg5 Bxc3 18.Qxc3 Be6 19.Nc5 Nd4 20.Bxf6 gxf6 21.Rxd4 exd4
22.Qxd4 Rac8 23.Ne4 Kg7 24.f4 Rc4 25.Qf2 Rxa4 26.Nc3 Rb4 27.f5 Bc4 28.Qf3 Re8
29.Qg4+ Kh8 30.Bf3 Bxe2 31.Bxe2 Rxg4 32.Bxg4 Qb4 33.Bh5 Qxb2 34.Bxf7 Re7
35.Nd1 Qd4+ {#R} 0-1

[Event "ch-GER Women 2017"]
[Site "masterchessopen.com Bad Wiessee GER"]
[Date "2017.04.02"]
[Round "3.7"]
[White "Klotz,Sonja"]
[Black "Hielscher,U"]
[Result "1-0"]
[WhiteElo "2005"]
[BlackElo "1796"]

1.e4 e6 2.d4 d5 3.Nc3 Nf6 4.e5 Nfd7 5.f4 c5 6.Nce2 Nc6 7.Nf3 cxd4 8.Nexd4 Nc5
9.c3 Qc7 10.Be3 b6 11.b4 Nd7 12.Qb3 Bb7 13.Bd3 Be7 14.O-O Rc8 15.Rac1 O-O
16.a4 Qb8 17.Bb1 g6 18.h4 Ba6 19.Nxc6 Rxc6 20.b5 Bxb5 21.axb5 Rc4 22.g3 Rfc8
23.Nd4 Bc5 24.Bd3 Bxd4 25.Bxd4 Nc5 26.Qb1 Nxd3 27.Qxd3 Qc7 28.Ra1 Qd7 29.Qb1
R8c7 30.Rf2 Qe7 31.Rfa2 Rd7 32.Qd1 Rcc7 33.Ra4 Qe8 34.h5 Re7 35.Qd3 Qf8 36.Kg2
Qg7 37.Rh1 Qf8 38.Ra2 Qe8 39.Kf3 Rc4 40.Qb1 Qc8 41.Rah2 Rcc7 42.hxg6 fxg6
43.Qxg6+ Rg7 44.Qd3 Qf8 45.Rh6 Rce7 46.Rf6 Qe8 47.Rhh6 Qd7 48.g4 {#r} 1-0

[Event "ch-GER Women 2017"]
[Site "masterchessopen.com Bad Wiessee GER"]
[Date "2017.04.02"]
[Round "3.11"]
[White "Grund,Melanie"]
[Black "Roos,K"]
[Result "1-0"]
[WhiteElo "1804"]
[BlackElo "1836"]

1.d4 Nf6 2.e3 g6 3.c4 Bg7 4.Nc3 d6 5.Nf3 O-O 6.Be2 c6 7.O-O Nbd7 8.b3 Re8
9.Bb2 Qc7 10.Qd2 e5 11.d5 Nc5 12.dxc6 bxc6 13.Rfd1 Nfe4 14.Nxe4 Nxe4 15.Qe1
Be6 16.Nd2 Nc5 17.e4 Rab8 18.Rac1 f5 19.exf5 Bxf5 20.f3 Bd3 21.Qf1 Qb6 22.Kh1
Bf5 23.Qg1 Bh6 24.Ba3 Nb7 25.g4 Be6 26.Qxb6 axb6 27.Rc2 Ra8 28.Bb4 d5 29.cxd5
Bxd5 30.Bc4 Bxc4 31.Nxc4 b5 32.Nb6 Rad8 33.Re1 Bf4 34.Rxc6 Bd2 35.Bxd2 Rxd2
36.Rc7 Nd6 37.Nd7 Kg7 38.Nc5+ Kh6 39.h4 Rf2 40.g5+ {#r} 1-0

[Event "ch-ROU 2017"]
[Site "masterchessopen.com Calimanesti-Caciulata ROU"]
[Date "2017.04.02"]
[Round "9.3"]
[White "Deac,Bogdan-Daniel"]
[Black "Toma,Ra"]
[Result "1-0"]
[WhiteElo "2584"]
[BlackElo "2378"]

1.e4 c5 2.Nf3 Nc6 3.d4 cxd4 4.Nxd4 g6 5.c4 Nf6 6.Nc3 Nxd4 7.Qxd4 d6 8.Be3 Bg7
9.f3 O-O 10.Qd2 Be6 11.Rc1 Qa5 12.b3 Rfc8 13.Bd3 Nd7 14.Nd5 Qxd2+ 15.Kxd2 Kf8
16.h4 Ne5 17.h5 Nxd3 18.Kxd3 Bb2 19.Rb1 Be5 20.hxg6 hxg6 21.Bh6+ Ke8 22.Bg5
Bxd5 23.exd5 b5 24.f4 Bg7 25.Rbe1 bxc4+ 26.bxc4 Rc7 27.Rh7 Bb2 28.c5 Rd8 29.c6
{#r} 1-0

[Event "ch-ROU 2017"]
[Site "masterchessopen.com Calimanesti-Caciulata ROU"]
[Date "2017.04.02"]
[Round "9.4"]
[White "Manolache,M"]
[Black "Banzea,Alexandru-Bogdan"]
[Result "1-0"]
[WhiteElo "2496"]
[BlackElo "2232"]

1.d4 Nf6 2.c4 g6 3.Nc3 d5 4.Nf3 Bg7 5.e3 O-O 6.Bd2 c5 7.dxc5 Na6 8.cxd5 Nxc5
9.Bc4 Bf5 10.O-O Rc8 11.Qe2 Nfe4 12.Rfd1 Nxc3 13.Bxc3 Bxc3 14.bxc3 Ne4 15.Rd4
Nxc3 16.Qb2 Ne4 17.Qxb7 Nd6 18.Qb3 Rc5 19.Bd3 Qc7 20.Bxf5 Nxf5 21.Rdd1 Rc3
22.Qa4 Rc4 23.Qa3 Rc8 24.Rab1 Rc3 25.Qa6 Qc5 26.a4 Rc2 27.Qd3 Rc3 28.Qb5 Nd6
29.Qxc5 R8xc5 30.Ne5 Ra3 31.Nc6 Rxa4 32.Nxe7+ Kf8 33.Nc6 Ra2 34.Nb4 Re2 35.Kf1
Rec2 36.Nxc2 Rxc2 37.Rbc1 Rb2 38.f3 a5 39.Rd4 Ra2 40.e4 a4 41.e5 Nf5 42.Rd3 a3
43.d6 h5 44.d7 {#r} 1-0

[Event "ch-ROU 2017"]
[Site "masterchessopen.com Calimanesti-Caciulata ROU"]
[Date "2017.04.02"]
[Round "9.5"]
[White "David,Alexandru"]
[Black "Ardelean,Ge"]
[Result "1-0"]
[WhiteElo "2379"]
[BlackElo "2493"]

1.d4 d5 2.c4 e6 3.Nc3 c6 4.Nf3 dxc4 5.a4 Bb4 6.e3 b5 7.Bd2 a5 8.axb5 Bxc3
9.Bxc3 cxb5 10.b3 Bb7 11.bxc4 b4 12.Bb2 Nf6 13.Bd3 O-O 14.O-O Nbd7 15.Nd2 Qc7
16.Bc2 e5 17.d5 Nc5 18.f4 Rfe8 19.Nf3 exf4 20.Bxf6 gxf6 21.Nh4 Qe5 22.Nf5 Kh8
23.exf4 Qe2 24.Qd4 Nd7 25.Ba4 {#r} 1-0